000 00484nam a22001697a 4500
005 20251108172639.0
008 250721s9999 xx 000 0 ara d
082 1 4 _a913.64/ماء
245 1 0 _aماء الموائد العياشى /
264 1 _aالإسكندرية :
_bمنشأة المعارف،
_c[19-].
300 _a266 ص
650 1 7 _aالرحلات الجغرافية
650 1 7 _aتاريخ المغرب
650 1 7 _aالحج
942 _2ddc
_cBK
999 _c84899
_d84899